000 01398nam a2200265Ia 4500
999 _c34494
_d34494
001 243
003 GE_BSU
005 20220915120247.0
008 181216s ||||ge |||||||||||||| ||geo||
020 _a9789994075553
040 _cGE_BSU
041 _ageo
080 _a821.353.1 ქ–27
245 _aქართული ჰაგიოგრაფიული ძეგლები ტ.1 :
_bორიგინალური ტექსტები და ახალი ქართული თარგმანები 3 ტომად /
_cრედ. ლევან აბაშიძე.
264 _aთბილისი :
_b[?],
_c2008.
300 _a366 გვ. ;
_c26 სმ.
541 _h5ლ.
653 _aქართლის მოქცევა
653 _a წამება წმინდა მოწამე შუშანიკ დედოფლისა
653 _aმარტვილობა და მოთმენა წმინდა ევსტათი მცხეთელისა
653 _a ქრისტეს წმინდა და ნეტარი მოწამის აბოს წამება
653 _aქართული ჰაგიოგრაფიული ძეგლები
700 _aაბაშიძე, ლევან
_eრედაქტორი
_91268
942 _cBK
_2udc